000 004420000a22001690004500
003 MACL
005 20160108120638.0
008 160108b xxu||||| |||| 00| 0 eng d
040 _aMACL
_cMACL
041 _aEnglish
082 _a825/BOS
100 _aBose, Kunja Bihari
_929490
245 _aSelect Speeches of The Great Orators
_bvol 1
260 _bBanerjee Bros
_c1914
_aCalcutta
650 _aSpeeches
_929491
942 _cBK
_k825/BOS
_2ddc
999 _c38744
_d38744